Normal view
MARC view
- Drama español
Entry Materia
001 - NÚMERO DE CONTROL DEL REGISTRO
- campo de control: 51010
003 - IDENTIFICADOR DE NUMERO DE CONTROL
- campo de control: MX-MxUPN
005 - FECHA Y HORA DE LA ÚLTIMA TRANSACCIÓN
- campo de control: 20240213084813.0
008 - DATOS DE LONGITUD FIJA
- campo de control de longitud fija: 240213|| fcn||babn | a|a d
040 ## - FUENTE DE LA CATALOGACIÓN
- Centro catalogador de origen: MX-MxUPN
- Lengua de catalogación: spa
- Agencia de transcripción: MX-MxUPN
150 ## - ENCABEZAMIENTO - TEMÁTICO
- Término de materia o nombre geográfico como elemento inicial: Drama español
- Subdivisión cronológica: Siglo XX
- Subdivisión de materia general: Historia y crítica
670 ## - FUENTE EN LA QUE SE LOCALIZARON DATOS
- Cita de la fuente: Autoridades BGTQ, 13 feberero 2024:
- Información localizada: (Drama español--Subdivisión cronológica) (subdivisión general: Historia y crítica)
902 ## - CATALOGADOR
- Catalogador: Víctor Ruiz/130224
